| 000 | 00459nam a2200181Ia 4500 | ||
|---|---|---|---|
| 005 | 20250603144831.0 | ||
| 008 | 250603s9999 xx 000 0 und d | ||
| 020 | _a9784918331 | ||
| 050 | _aHC 1000 .E26/ | ||
| 100 | _aJelilov, Glylch | ||
| 245 | 0 | _aECOWAS and sub-saharan economy: selected countries empirical approach | |
| 260 | _aEnugu | ||
| 260 | _bRossen Publications Ltd. | ||
| 260 | _c2016 | ||
| 300 | _a184 p | ||
| 650 | _aEnugu | ||
| 942 | _cBK | ||
| 999 |
_c40089 _d40089 |
||